LIBRARY & INFORMATION CENTRE, KCAET, TAVANUR

ONLINE PUBLIC ACCESS CATALOGUE (OPAC)

Hamara jawahar (Record no. 17758)

MARC details
000 -LEADER
fixed length control field 00303nam a22001337a 4500
003 - CONTROL NUMBER IDENTIFIER
control field OSt
008 - FIXED-LENGTH DATA ELEMENTS--GENERAL INFORMATION
fixed length control field 231026b |||||||| |||| 00| 0 eng d
041 ## - LANGUAGE CODE
Language code of text/sound track or separate title hin
082 ## - DEWEY DECIMAL CLASSIFICATION NUMBER
Classification number 891.43
Item number BHE/HA
245 ## - TITLE STATEMENT
Title Hamara jawahar
260 ## - PUBLICATION, DISTRIBUTION, ETC. (IMPRINT)
Place of publication Kolkatta
Name of publisher Hindi Pracharak Pustakalay
Year of publication 1651
300 ## - PHYSICAL DESCRIPTION
Number of Pages 16
942 ## - ADDED ENTRY ELEMENTS (KOHA)
Koha item type Books
Holdings
Withdrawn status Lost status Damaged status Home library Current library Date acquired Full call number Accession Number Koha item type
Withdrawn     KAUAET Sanskrit University 26/10/2023 891.43 BHE/HA 10549 Books
free website counter